000 00778cam a2200229Ma 4500
005 20160609111345.0
008 160609s1985 cl fr 001 0 spa d
035 _a(OCoLC)503177419
040 _aCO-BoUCM
_bspa
_cSandra Palacio
_dSandra Palacio
041 4 _aspa
100 1 _aCruz Ortiz, Neftalí
_d1916-
_977626
245 1 0 _aProntuario jurídico bancario
_cNeftali Cruz Ortíz
260 _aSantiago de Chile (Chile)
_bJurídica de Chile
_c1985
300 _a395 páginas
500 _aIncluye índice
650 7 _aBancos
_vLegislación
_zChile
_99920
650 7 _aHipotecas
_916898
650 7 _aDerecho comercial
_zChile
_939425
690 _aDerecho comercial
_912717
942 _2DEWEY
_cLIBRO
_a8
_e1
_h346.983
_mC957pj
999 _c303504
_d303504